Tourism today : a geographical analysis
Αποθηκεύτηκε σε:
| Κύριος συγγραφέας: | |
|---|---|
| Μορφή: | Βιβλίο |
| Γλώσσα: | English |
| Δημοσίευση: |
London :
Longman,
c1995
|
| Θέματα: | |
| Ετικέτες: |
Προσθήκη ετικέτας
Δεν υπάρχουν, Καταχωρήστε ετικέτα πρώτοι!
|
MARC
| LEADER | 00000nam a2200000 i 4500 | ||
|---|---|---|---|
| 001 | 1/69452 | ||
| 008 | 981102s1995 eng d | ||
| 020 | |a 0-582-22822-0 | ||
| 035 | |l 10030379 | ||
| 040 | |a GR-MY-UA |b gre |e aacr | ||
| 041 | 0 | |a eng | |
| 082 | 0 | |a 338.4791 | |
| 100 | 1 | |a Pearce, Douglas G. |d 1949- | |
| 245 | 1 | 0 | |a Tourism today : |b a geographical analysis / |c Douglas G. Pearce |
| 260 | |a London : |b Longman, |c c1995 | ||
| 300 | |a 202 p. |b ill. | ||
| 504 | |a Bibliography: p. 211-222: Includes indexes | ||
| 650 | 0 | 0 | |a Tourism. |
| 852 | |a INST |b LESVOS |e 19981102 |h 338.4791 PEA |p 005100018393 |q 005100018393 |t BK |y 0 | ||
| 901 | |a BIBL-1999-1 | ||
| 909 | |a Λ |b 060013 | ||
| 922 | |a 1ΕΛΗ |b 199810 |c ΚΠΣ/ΤΓ |d ΠΑΠΑΣΩΤΗΡΙΟΥ | ||
| 950 | |a 118-1998-07-21 | ||